| Tag |
First Indicator |
Second Indicator |
Subfields |
| LEADER |
00000cam a2200000 4500 |
| 001 |
in00000069223 |
| 005 |
20151008051412.0 |
| 008 |
751208s1939 dcuadfe 00010 eng |
| 010 |
|
|
|a e 40000202
|
| 035 |
|
|
|a (OCoLC)01881714
|
| 035 |
|
|
|9 AAG7653AM
|
| 040 |
|
|
|a DLC
|c FQG
|d TXA
|d UtOrBLW
|
| 049 |
|
|
|a TXAM
|c 1 [104966]
|
| 050 |
0 |
0 |
|a HQ796
|b .A5
|
| 092 |
|
|
|a 362.70973
|b L773r
|
| 100 |
1 |
|
|a Lister, Joseph John,
|d 1908-
|
| 245 |
1 |
0 |
|a Rural youth speak ;
|b detailed analysis of the replies from rural young people interviewed in a comprehensive survey by the American youth commission /
|c [by] Joseph J. Lister and E. L. Kirkpatrick.
|
| 264 |
|
1 |
|a Washington, D. C. :
|b American youth commission,
|c [1939]
|
| 300 |
|
|
|a 5 preliminary leaves, 96 numbered leaves :
|b including illustrations, tables, plates, diagrams ;
|c 28 cm.
|
| 336 |
|
|
|a text
|b txt
|2 rdacontent
|
| 337 |
|
|
|a unmediated
|b n
|2 rdamedia
|
| 338 |
|
|
|a volume
|b nc
|2 rdacarrier
|
| 490 |
0 |
|
|a [American council on education. American youth commission. Rural reports]
|
| 500 |
|
|
|a Mimeographed.
|
| 650 |
|
0 |
|a Youth.
|
| 650 |
|
0 |
|a Social surveys.
|
| 700 |
1 |
|
|a Kirkpatrick, E. L.
|q (Ellis Lore),
|d 1884-
|
| 999 |
|
|
|a MARS
|
| 999 |
f |
f |
|s 8564f6ce-ea8a-3652-837b-a09211dbdd7c
|i 253c017b-550e-3014-aeaa-863ccc5cd4f4
|t 0
|
| 952 |
f |
f |
|p ric
|a Texas A&M University
|b Rellis Campus
|c Joint Library Facility
|d Remote Storage
|t 0
|e HQ796 .A5
|h Library of Congress classification
|i unmediated -- volume
|m A14800810973
|
| 998 |
f |
f |
|a HQ796 .A5
|t 0
|l Remote Storage
|